00526nam a2200193Ia 450000100060000000800410000602000180004704000130006508200200007810000180009824500790011625000090019526000380020430000110024254600070025365000240026070000240028470000240030870874160226s9999 xx 000 0 und d a9781259095580 cPK-LaUMT a 657.046bHOY-A aHoyle, Joe B. aAdvanced accountingcHoyle, Joe B.|Schaefer, Thomas F.|Doupnik, Timothy S. a12th aNew York,USA:bMcGraw-Hill,c2013 a904 p. aEN aAdvanced accounting aDoupnik, Timothy S. aSchaefer, Thomas F.